| 000 | 00732nam a22002057a 4500 | ||
|---|---|---|---|
| 999 |
_c11619 _d11619 |
||
| 003 | AR-CdUCM | ||
| 008 | 190404b ||||| |||| 00| 0 spa d | ||
| 040 |
_aMUNICIPALIDAD PROVINCIAL DEL CUSCO _cBIBLIOTECA MUNICIPAL DEL CUSCO |
||
| 082 |
_a355.04 / 1942 / _bB84 |
||
| 100 |
_aBrowder, Earl _929074 |
||
| 245 | _aVictoria y post-guerra / | ||
| 260 |
_aMéxico : _c1942. |
||
| 300 |
_a265 páginas ; _c18 cm. |
||
| 505 | _aContenido: La naturaleza de la presente guerra -- El arma secreta de Hitler - la quinta columna -- Martin Dies, quintacolumnista extraordinario... | ||
| 650 |
_aGuerra mundial _91395 |
||
| 650 |
_aHitler _92451 |
||
| 650 |
_aConquista del mundo _929075 |
||
| 942 |
_2ddc _cLIBROS |
||
| 945 |
_adavv _d04/04/2019 |
||